Eesti kagupiir ja Setumaa kujunemine
| Titel: | Eesti kagupiir ja Setumaa kujunemine |
|---|---|
| Verfasser: | |
| In: |
Õpetatud Eesti Selts: Õpetatud Eesti Seltsi aastaraamat, (1988), Seite 142-151, 3 Ktn. alle Artikel anzeigen |
| Veröffentlicht: | 1988-1993 [1995] |
| Format: | Aufsatz |
| Sprache: | Estnisch |
X
alg: 39289551 001A $01999:11-11-16 001B $03025:03-03-26 $t13:20:54.000 001C $06050:19-11-16 $t09:18:45.000 001D $01999:11-11-16 001U $0utf8 001X $00 002@ $0Aox 003@ $039289551X 007A $039289551X $aHEB 007T $0Herde04982 010@ $aest 011@ $a1988 $b1993 $n1988-1993 [1995] 021A $aEesti kagupiir ja Setumaa kujunemine 027A $aEstlands Südostgrenze und die Entwicklung des Setukesengebietes 028A $aLaul $dSilvia 031A $h142-151, 3 Ktn. $j1988 039B $aIn $8--Abvc--Õpetatud Eesti Selts [Tb1]. Õpetatud Eesti Seltsi aastaraamat. - Tartu : Mattiesen, 1938-. - ISSN 1406-8486 $x198800000000000858 $9047885599 044K $#Setomaa $71152417363 $8Setumaa [Tg3] $942645572X 044K $#Seto Volk $#Setu $74737381-7 $8Setukesen [Ts1] $9112383661 045F $a390.094798 $eDDC23BSB 045F/01 $a390 045F/03 $g4798 045T $a7,53 $a9,10 046C $aEstlands Südostgrenze und die Entwicklung des Setukesengebietes $bÜbers. des Hauptsacht. lok: 39289551 78 exp: 39289551 78 1 #EPN 201B/01 $019-04-17 $t11:40:15.000 201U/01 $0utf8 203@/01 $0789005778 208@/01 $a11-11-16 $be 209A/01 $a/ $f000 $x00 220C/01 $aTitelaufnehmer: pk 220C/01 $aHerkunft: Baltische Bibliographie / P. Kaegbein 237A/01 $aweiterführende Signatur(en): HI: 47 XV BZ 3/1 244Z/01 $2Trx $#Estija $#Igaunija $#Estland $#Estonia $#Estonia $#Estónsko $#Estonsko $8--Trx--Eesti $x01 $9391237225 244Z/01 $2Trx $#Setukesengebiet $8--Trx--Setumaa $x02 $9391180363 244Z/01 $2Trx $#piirid $#sienos $#borders $#határok $#granice $#hranice $#hranice $8--Trx--Grenzen $x03 $9391373366 244Z/01 $2Trx $#asundusajalugu $#kolonizacija $#history of settlements $#településtörténet $#osadnictwo $#dejiny osídlenia $#dějiny osídlení $#osídlenie $#osídlení $8--Trx--Siedlungsgeschichte $x04 $9391357131 244Z/01 $2Trx $8--Trx--Zeitschriftenaufsatz $x05 $9391384341 245Z/01 $a11.02 $x01 247C/01 $82080>Marburg/Lahn, Herder-Institut, Forschungsbibliothek, Bibliographieportal $9336309341
| LEADER | 00000caa a22000002c 4500 | ||
|---|---|---|---|
| 001 | 39289551X | ||
| 003 | DE-603 | ||
| 005 | 20260303132054.0 | ||
| 007 | tu | ||
| 008 | 161111s19881993xx |||| | u00||u|est c | ||
| 035 | |a (DE-599)HEB39289551X | ||
| 040 | |a DE-603 |b ger |c DE-603 |d DE-603 | ||
| 041 | |a est | ||
| 082 | 0 | 4 | |8 1\u |a 390.094798 |q DE-101 |2 23/BSB |
| 084 | |a 7,53 |a 9,10 |2 ssgn | ||
| 085 | |8 1\u |b 390 | ||
| 085 | |8 1\u |z 2 |s 4798 | ||
| 100 | 1 | |a Laul, Silvia | |
| 245 | 0 | 0 | |a Eesti kagupiir ja Setumaa kujunemine |
| 246 | 1 | |i Übers. des Hauptsacht. |a Estlands Südostgrenze und die Entwicklung des Setukesengebietes | |
| 246 | 1 | 3 | |a Estlands Südostgrenze und die Entwicklung des Setukesengebietes |
| 264 | 0 | |c 1988-1993 [1995] | |
| 650 | 7 | |a Setukesen |0 (DE-588)4737381-7 |0 (DE-603)112383661 |2 gnd | |
| 651 | 7 | |a Setumaa |0 (DE-588)1152417363 |0 (DE-603)42645572X |2 gnd | |
| 773 | 0 | 8 | |i In |a Õpetatud Eesti Selts |t Õpetatud Eesti Seltsi aastaraamat |d Tartu : Mattiesen, 1938- |x 1406-8486 |g (1988), Seite 142-151, 3 Ktn. |w (DE-603)047885599 |w (DE-600)570191-0 |
| 924 | 0 | |9 2080 |a (DE-603)789005778 |b DE-2080 |c HES |d d |g / | |


